Bilecik Bilecik Bilecik Bilecik Bilecik

Algoritma geliştirme ve programlamaya giriş/ (Record no. 2473)

MARC details
000 -BAŞLIK
Sabit Uzunluktaki Kontrol Alanı 00947nam a22003137a 4500
001 - KONTROL NUMARASI
Control Dosyası 0002486
003 - KONTROL NUMARASI KİMLİĞİ
Kontrol Alanı KOHA_MİRAKIL
005 - EN SON İŞLEM TARİHİ ve ZAMANI
Kontrol Alanı 20260207001313.0
007 - FİZİKSEL TANIM SABİT ALAN - GENEL BİLGİ
Sabit uzunluklu kontrol alanı ta
008 - SABİT UZUNLUKTAKİ VERİ ÖGELERİ - GENEL BİLGİ
Sabit Alan 090227b2005 tu |||gr||||#||||0|tur |
020 ## - ISBN - ULUSLARARASI STANDART KİTAP NUMARASI
Isbn 9753477457
040 ## - KATALOGLAMA KAYNAĞI
Özgün Kataloglama Kurumu TR-BiSEU
Kataloglama Dili tur
Çeviri Kurumu TR-BiSEU
Açıklama Kuralları rda
041 0# - DİL KODU
Metin ya da ses kaydının dil kodu tur
044 ## - YAYINLAYAN/ÜRETEN KURULUŞUN ÜLKE KODU
ISO country code tu
050 ## - SINIFLAMA ve YER NUMARASI
Sınıflama Numarası QA76.9.A43
Yer Numarası V38 2005
100 1# - KİŞİ ADI
Yazar Adı (Kişi adı) Vatansever, Fahri.
245 1# - ESER ADI BİLDİRİMİ
Başlık Algoritma geliştirme ve programlamaya giriş/
Sorumluluk Bildirimi Fahri Vatansever ; Fahri Vatansever.
250 ## - BASIM BİLDİRİMİ
Basım Bildirimi 2. bs.
264 #1 - ÜRERİM, YAYIN, DAĞITIM ve TELİF BİLDİRİMİ
Yayın yeri Ankara :
Yayınlayan Seçkin Yayıncılık
Yayın tarihi 2005
300 ## - FİZİKSEL TANIMLAMA
Sayfa, Cilt vb. 436 sayfa: resimli; 24 cm.
336 ## - İÇERİK TÜRÜ
Content type term metin
Content type code txt
Source rdacontent
337 ## - MEDYA TÜRÜ
Media type term aracısız
Media type code n
Source rdamedia
338 ## - TAŞIYICI TÜRÜ
Carrier type term cilt
Carrier type code nc
Source rdacarrier
500 ## - GENEL NOT
Genel Not Dizin var.
650 #0 - KONU BAŞLIĞI EK GİRİŞ - KONU TERİMİ
Konusal terim veya coğrafi ad Veri yapıları (Bilgisayar bilimi).
9 (RLIN) 4070
650 #0 - KONU BAŞLIĞI EK GİRİŞ - KONU TERİMİ
Konusal terim veya coğrafi ad Bilgisayarlar Programlama (Bilgisayarlar).
9 (RLIN) 4313
650 #0 - KONU BAŞLIĞI EK GİRİŞ - KONU TERİMİ
Konusal terim veya coğrafi ad Bilgisayar algoritmaları.
9 (RLIN) 4072
942 ## - EK GİRİŞ ÖGELERİ (KOHA)
Source of classification or shelving scheme Library of Congress Classification
Koha item type Book
Holdings
Materyal Türü Kalıcı Konum Mevcut Konum Raf Yeri Sınıflandırma Kaynağı Edinim Bilgisi Ana Konular Alt Konular Yer Numarası Demirbaş Numarası Fatura Tarihi Maliyet, Alış Fiyatı Maliyet, Yenileme Fiyatı Geri Çekilme Durumu Kayıp Durumu Hasarlı Durumu Kredi için değil Kayıt Tarih Toplam Ödünçverme Son Görülme Tarihi Son Kontrol Tarihi Genel / Bağış Notu
Book Prof. Dr. Azmi Özcan Kütüphanesi Prof. Dr. Azmi Özcan Kütüphanesi Birûni Salonu Library of Congress Classification Bağış BİLİM Matematik QA76.9.A43 V38 2005 0002486 13/08/2010 14.00 14.00         27/02/2009 34 05/12/2024 05/12/2024 MYO